Datum a čas kvízu
33
Celkem bodů
Celkový počet nahraných bodů na tomto kvízu bez doplňovacích otázek.
4.
Pořadí na kvízu
Konečné umístění týmu na tomto kvízu.
Zaznamenané odpovědi
| # | Otázka | Odpověď | Body | Výsledky |
|---|---|---|---|---|
| 1. | Čtyři plakáty, lákající občany... | 1 | ||
| 2. | Jde o dvě ručně psané stránky,... | 0 | ||
| 3. | Ze které země pochází dívka, k... | 1 | ||
| 4. | Mladoboleslavská společnost Šk... | 1 | ||
| 5. | Hokejový reprezentační útočník... | 1 | ||
| 6. | Ve kterém severoevropském přís... | 1 | ||
| 7. | Jaltská konference byla jedním... | 0.5 | ||
| 8. | Casablanca je největším městem... | 1 | ||
| 9. | Jak se jmenuje černohorské pří... | 1 | ||
| 10. | Jak se jmenuje přístavní město... | 1 |